| 000 | 01706nam0a2200325 4500 | ||
|---|---|---|---|
| 001 | RU\NLR\bibl\936406 | ||
| 005 | 20260406231121.0 | ||
| 010 |
_a5-98301-012-3 _91000 |
||
| 021 |
_aRU _b2006-13665 _9667 |
||
| 035 | _a(NLR Aleph) 000924606 | ||
| 090 |
_a121429 _c121429 |
||
| 100 | _a20060420d2005 |||y0rusy50 ca | ||
| 101 | 0 | _arus | |
| 102 | _aRU | ||
| 105 | _ay ||||||||| | ||
| 200 | 1 |
_aУчебно-методическое пособие по патологической анатомии и биопсийно-секционному курсу _eдля студентов медицинских вузов _f[Ю.В. Каминский и др.] _gпод общ. ред. Ю.В. Каминского _gМ-во здравоохранения и социал. развития России, Владимир. гос. мед. ун-т, Рос.акад. естеств. наук |
|
| 210 |
_aВладивосток _cМедицина ДВ _d2005 |
||
| 215 |
_a399 с. _d22 |
||
| 320 | _aБиблиогр.: с. 396-399 | ||
| 606 | 1 |
_aПатологическая анатомия _jУчебно-методические пособия _9965579 _3RU\NLR\auth\6642429 |
|
| 606 | 1 |
_aБиопсия _jУчебно-методические пособия _91150684 _3RU\NLR\auth\66141019 |
|
| 686 | _aР251я73 | ||
| 686 | _aР251с27я73 | ||
| 702 | 1 |
_aКаминский _bЮ. В. _gЮрий Валентинович _4220 |
|
| 712 | 0 | 2 |
_4570 _aВладивостокский государственный медицинский университет _9462869 _3RU\NLR\AUTH\889983521 |
| 801 | 0 |
_aRU _bNLR _c20060420 _grcr |
|
| 801 | 1 |
_aRU _bNLR _c20060420 |
|
| 830 | _aсост. по кн. | ||
| 942 | _cBOOK | ||
| 980 | _aNB | ||